000 01530nam a22003257a 4500
999 _c21907
_d21907
003 AR-CdUCM
008 190425b ||||| |||| 00| 0 spa d
040 _aMUNICIPALIDAD PROVINCIAL DEL CUSCO
_cBIBLIOTECA MUNICIPAL DEL CUSCO
082 _aRev.FD/N°9/1999
110 _aUniversidad Nacional De San Antonio Abad del Cuzco
_914483
245 _aRevista de la Facultad de Derecho y Ciencias Políticas /
_cUniversidad Nacional de San Antonio Abad del Cuzco
260 _aCusco :
_bUNSAAC,
_c1999.
300 _a250 páginas. :
_c21 cm.
440 _aRevista de la Facultad de Derecho y Ciencias Políticas.
_nN°9, 1999.
_946780
500 _aHomenaje especial al Dr. Carlos Ferdinand Cuadros.
505 _aContenido: La reelección presidencial en América Latina. -- Legitimidad y poder judicial. -- Juzgamiento de los delitos comunes por los jueces militares. -- Trinidad Enríquez la primera jurista del Cusco. -- La declaración mundial sobre la educación en el siglo XXI.
650 _aDerecho del Perú
_946685
650 _aConciliación judicial
_910957
650 _aFacultad de Derecho del Cuzco
_946697
650 _aTridimensionalismo jurídico
_946781
650 _aMaría Trinidad Enríquez
_946109
650 _aPoder Judicial
_946782
700 _aBéjar Quispe, José
_96070
700 _aValcárcel Gamarra, Pedro
_946716
700 _aBoluarte Medina, Víctor
_946783
700 _aDíaz Bedregal, Florencio
_943536
700 _aZegarra Dongo, Manuel
_946784
942 _2ddc
_cPP
945 _arac